000
00220 a2200085 4500
020
_a
9780007527526
100
_a
CHRISTIE, AGATHA
245
_a
THE MURDER OF ROGER ACKROYD
260
_b
HARPER COLLINS PUBLISHERS, LONDON
_c
2013
999
_c
218437
_d
218437